000 00599nam a2200229Ia 4500
008 170203s9999 xx 000 0 und d
020 _a9780545374446
050 _a0 80
050 _bC619o 2011
100 _aclaybourne, Anna.
245 _a100 scariest things on the planet /
245 _cAnna Claybourne.
260 _aNew York :
260 _bScholastic,
260 _c2011
300 _a112 pages :
300 _bcolor illustrations ;
300 _c 29 cm.
650 _aCuriosities and wonders --
650 _aCuriosities and wonders.
650 _xJuvenile literature.
999 _c305969
_d305969